00489nam a2200169Ia 4500008004100000020001500041041000800056082001800064100001700082245004400099260003000143300000800173365001100181942001200192999001900204952009600223140306s9999 xx 000 0 und d a0752201360 aeng a741.5bADA/BR aAdams, Scott aBring me the head of willy the mail boy aLondonbBoxtree Ltdc1995 a128 bUkp. 3 2ddccBK c178871d178871 00102ddc4070aKAUCBVbKAUCBVg3.00l0o741.5 ADA/BRr2014-03-22 00:00:00w2014-03-22yBK